[Event "Open Dutch Champ"]
[Site "Dieren NED"]
[Date "2004.07.27"]
[Round "1"]
[White "Muhren,W"]
[Black "Veltman,J"]
[Result "1-0"]
[WhiteElo "2231"]
[BlackElo "2053"]

1.e4 c5 2.Nf3 Nc6 3.d4 cxd4 4.Nxd4 Qc7 5.Nc3 e6 6.Be3 a6 7.Qd2 Nf6 8.f3 Ne5
9.O-O-O b5 10.Kb1 Nc4 11.Bxc4 Qxc4 12.Nb3 Bb4 13.Bd4 h6 14.g4 Rg8 15.h4 a5
16.g5 Nh7 17.gxh6 g6 18.Nc1 Ra6 19.Qe3 Be7 20.e5 Bb7 21.Nd3 b4 22.Ne4 Bxe4
23.Qxe4 Qc6 24.Nf2 f5 25.exf6 Bxf6 26.Bxf6 Nxf6 27.Qf4 Ke7 28.Qg5 Qxf3 29.Nd3 Qf5
30.Ne5 Ke8 31.Rdf1 Qxg5 32.hxg5 Ne4 33.h7 Rh8 34.Rfg1 Ra8 35.Nxg6 Kf7 36.Nxh8+ Rxh8
37.g6+ Kg7 38.Rh4 Nd2+ 39.Kc1 Nf3 40.Rhg4 Nxg1 41.Rxg1 d5 42.Kd2 Rf8 43.Ke3 Rc8
44.Rg2 e5 45.Rg5 Re8 46.Rh5 Kh8 47.Kf3 Kg7 48.Kg4 e4 49.Rxd5 Kxg6 50.Re5 Rh8
51.Rxa5 e3 52.Kf3 Rxh7 53.Kxe3 Kf6 54.Kd4 Rc7 55.Kd3 Ke6 56.Ra4  1-0

[Event "Summer Open"]
[Site "Pirot SCG"]
[Date "2004.07.29"]
[Round "6"]
[White "Mladenovic,J"]
[Black "Martinovic,Sl"]
[Result "0-1"]
[WhiteElo "2133"]
[BlackElo "2443"]

1.e4 c5 2.Nf3 Nc6 3.d4 cxd4 4.Nxd4 Qb6 5.Nb3 Nf6 6.Nc3 e6 7.Be3 Qc7 8.f4 d6
9.Bd3 a6 10.a4 b6 11.O-O Be7 12.Qe2 O-O 13.h3 Nb4 14.Qf2 Rb8 15.Nd2 Nd7 16.Nc4 Nc5
17.Qe2 Bd7 18.f5 exf5 19.exf5 Rfe8 20.Qd2 Bc6 21.Bd4 Nbxd3 22.cxd3 Nb3 23.Qf4 Nxd4
24.Qxd4 Bf6 25.Qg4 d5 26.Nd2 Qd6 27.Nf3 h6 28.Rac1 Re3 29.d4 Rbe8 30.Kf2 R3e7
31.Rc2 Qb4 32.Rfc1 Bb7 33.Qf4 b5 34.axb5 axb5 35.g3 Qc4 36.Ne5  0-1

[Event "Open Dutch Champ"]
[Site "Dieren NED"]
[Date "2004.07.31"]
[Round "5"]
[White "Van Geffen,B"]
[Black "Veltman,J"]
[Result "0-1"]
[WhiteElo "2177"]
[BlackElo "2053"]

1.e4 c5 2.Nf3 Nc6 3.d4 cxd4 4.Nxd4 Qc7 5.Nc3 e6 6.g3 a6 7.Bg2 Nf6 8.O-O Nxd4
9.Qxd4 Bc5 10.Bf4 d6 11.Qd3 Nd7 12.Na4 e5 13.Nxc5 Nxc5 14.Qc3 exf4 15.Qxg7 Rf8
16.gxf4 Be6 17.b4 Nd7 18.c4 O-O-O 19.Qd4 Rg8 20.Kh1 Bxc4 21.Rfc1 b5 22.a4 Qb6
23.Qd2 Kb8 24.axb5 Bxb5 25.Qd5 Nf6 26.Qxf7 Ng4 27.h3 Nxf2+ 28.Kh2 Nd3 29.Rc2 Rdf8
30.Qxh7 Nxf4 31.Raa2 Bf1 32.Qd7 Rxg2+ 33.Rxg2 Bxg2 34.Rf2 Qxf2 35.Qxd6+ Kb7
36.Qd7+ Kb6 37.Qd6+ Kb5 38.Qd7+ Kxb4 39.Qb7+ Kc3 40.Qc6+ Kd2 41.Qd6+ Nd3  0-1

[Event "Open"]
[Site "Kavala GRE"]
[Date "2004.08.03"]
[Round "5"]
[White "Perunovic,Mil"]
[Black "Banikas,H"]
[Result "1-0"]
[WhiteElo "2555"]
[BlackElo "2519"]

1.e4 c5 2.Nf3 Nc6 3.d4 cxd4 4.Nxd4 Qc7 5.Nc3 e6 6.Be2 a6 7.O-O Nf6 8.Be3 d6
9.f4 Be7 10.a4 O-O 11.Kh1 Rd8 12.Bd3 Nxd4 13.Bxd4 e5 14.Bg1 exf4 15.a5 Re8
16.Rxf4 Be6 17.Nd5 Bxd5 18.exd5 Rf8 19.Bb6 Qc8 20.Qf3 Bd8 21.Bd4 Ne8 22.Rf1 Qd7
23.Qh5 h6 24.Rg4 Bxa5 25.Qxh6 f5 26.Rxf5 Rf7 27.Qh7+ Kf8 28.Bxg7+ Nxg7 29.Qxg7+  1-0

[Event "XI Summer Open"]
[Site "Nice FRA"]
[Date "2004.08.03"]
[Round "2"]
[White "Bujisho,B"]
[Black "Miladinovic,I"]
[Result "1-0"]
[WhiteElo "2394"]
[BlackElo "2630"]

1.e4 c5 2.Nf3 Nc6 3.d4 cxd4 4.Nxd4 Qc7 5.Nc3 e6 6.Be3 a6 7.Qd2 Nf6 8.O-O-O Bb4
9.f3 Na5 10.Kb1 Nc4 11.Bxc4 Qxc4 12.Nde2 b5 13.a3 Ba5 14.Qd6 Bc7 15.Qc5 Qxc5
16.Bxc5 Bb7 17.Bd6 Rc8 18.Bxc7 Rxc7 19.Rd4 d5 20.exd5 Nxd5 21.Nxd5 Bxd5 22.Nc3 Bb7
23.Rhd1 Ke7 24.a4 bxa4 25.Nxa4 Rb8 26.b3 g5 27.Kb2 h5 28.R1d2 f5 29.Re2 Ba8
30.c4 g4 31.Re3 Kf7 32.Rd6 gxf3 33.gxf3 Rc6 34.Rxc6 Bxc6 35.Nc5 Re8 36.Nxa6 f4
37.Rd3 Rg8 38.Kc3 h4 39.Nb4 Ba8 40.c5 h3 41.c6 Kf6 42.Kd4 Rg2 43.c7 Bb7 44.Kc5  1-0

[Event "Knjaz Milos Jezero Open"]
[Site "Belgrade SCG"]
[Date "2004.08.17"]
[Round "1"]
[White "Boric,T"]
[Black "Miljkovic,Mih"]
[Result "0-1"]
[WhiteElo "2033"]
[BlackElo "2266"]

1.e4 c5 2.Nf3 Nc6 3.d4 cxd4 4.Nxd4 Qc7 5.Nc3 e6 6.Be2 a6 7.a3 Nf6 8.O-O Be7
9.Be3 O-O 10.Kh1 d6 11.f4 Bd7 12.f5 b5 13.Qe1 Nxd4 14.Bxd4 e5 15.Be3 Bc6
16.Bf3 a5 17.Qg3 Kh8 18.b4 Bd7 19.Bd2 axb4 20.axb4 Rxa1 21.Rxa1 d5 22.exd5 Rb8
23.Ne2 Bd6 24.Qg5 Qxc2 25.Ng3 Qb2 26.Rd1 Bxb4 27.Be3 Qb3 28.d6 h6 29.Qh4 Qxe3
30.Qxb4 Rc8 31.Qb2 Qf4 32.Qb1 b4 33.Ne2 Qe3 34.Qxb4 e4  0-1

[Event "Knjaz Milos Jezero Open"]
[Site "Belgrade SCG"]
[Date "2004.08.19"]
[Round "3"]
[White "Pikula,D"]
[Black "Miljkovic,Mih"]
[Result "1-0"]
[WhiteElo "2508"]
[BlackElo "2266"]

1.e4 c5 2.Nf3 Nc6 3.d4 cxd4 4.Nxd4 Qc7 5.Nc3 e6 6.Be3 Nf6 7.Qd2 Bb4 8.f3 Nxd4
9.Qxd4 Bxc3+ 10.bxc3 O-O 11.Qc5 Qb8 12.Bg5 b6 13.Qd4 e5 14.Qd2 Bb7 15.Bc4 Qc7
16.Bb3 Ba6 17.O-O-O Rac8 18.Kb2 Rfd8 19.Rhe1 Bc4 20.Re3 d5 21.Bxf6 gxf6 22.exd5 Rxd5
23.Qe1 Rxd1 24.Qxd1 Qc5 25.Qe1 a5 26.Re4 b5 27.Qe3 Qxe3 28.Rxe3 Rc5 29.a4 bxa4
30.Bxa4 f5 31.Bb3 f6 32.f4 e4 33.g4 fxg4 34.Rxe4 Bxb3 35.cxb3 Rh5 36.Re2 Rc5
37.c4 Kf7 38.Kc3 h5 39.Rf2 h4  1-0

[Event "Knjaz Milos Jezero Open"]
[Site "Belgrade SCG"]
[Date "2004.08.19"]
[Round "3"]
[White "Dimitrijevic,R"]
[Black "Zivkovic,Veli"]
[Result "0-1"]
[WhiteElo "1919"]
[BlackElo "2096"]

1.e4 c5 2.Nf3 Nc6 3.d4 cxd4 4.Nxd4 Qc7 5.Nc3 e6 6.a3 a6 7.Be2 Bd6 8.Nf3 Nf6
9.O-O Ng4 10.h3 h5 11.Nd4 Nxd4 12.Qxd4 Bc5  0-1

[Event "Knjaz Milos Jezero Open"]
[Site "Belgrade SCG"]
[Date "2004.08.20"]
[Round "4"]
[White "Mikicic,Du"]
[Black "Zivkovic,Veli"]
[Result "1-0"]
[WhiteElo "2221"]
[BlackElo "2096"]

1.e4 c5 2.Nf3 Nc6 3.d4 cxd4 4.Nxd4 Qc7 5.Nc3 e6 6.Be3 a6 7.a3 Nf6 8.Be2 Bd6
9.Qd2 Be5 10.g3 O-O 11.f4 Bxd4 12.Bxd4 Nxd4 13.Qxd4 d5 14.exd5 Rd8 15.O-O-O Nxd5
16.Bf3 Bd7 17.Bxd5 Bc6 18.Qc5 exd5 19.Nxd5 Qb8 20.Ne7+ Kh8 21.Nxc6 bxc6 22.Rxd8+ Qxd8
23.Qxc6  1-0

[Event "Knjaz Milos Jezero Open"]
[Site "Belgrade SCG"]
[Date "2004.08.20"]
[Round "4"]
[White "Vrbljanac,A"]
[Black "Boskovic,D"]
[Result "1/2-1/2"]
[WhiteElo "2180"]
[BlackElo "2410"]

1.e4 c5 2.Nf3 Nc6 3.d4 cxd4 4.Nxd4 Qc7 5.Nc3 e6 6.g3 a6 7.Bg2 Nf6 8.O-O h6
9.b3 Bc5 10.Nxc6 dxc6 11.Bb2 e5 12.h3 O-O 13.Qe2 b5 14.Nd1 Rd8 15.Ne3 Bd4
16.c3 Bc5 17.Nf5 Bxf5 18.exf5 e4 19.Kh2 Qe5 20.c4 Bd4 21.Bxd4 Rxd4 22.cxb5 cxb5
23.Qb2 Qd5 24.Rac1 Rd2 25.Rc2 Rd8 26.Rxd2 Qxd2 27.Qa3 a5 28.Qc5 Rd5 29.Qc8+ Kh7
30.Qb7 Qc2 31.Qxf7 Rd2 32.Qa7 Re2 33.Qxa5 Rxf2 34.Rxf2 Qxf2 35.Qxb5 e3 36.Qf1 Qc2
37.Qe1 Qd3 38.Bf3 Nd7 39.Qe2 Qd4 40.Qc2 Ne5 41.Be2 Kg8 42.Qc8+ Kh7 43.Qc2 Kg8
44.Qc8+ Kh7 45.Qc2 Kh8 46.Qc8+ Kh7 47.Qc2 Kh8 48.Qc8+  1/2-1/2

[Event "ch-FRA w"]
[Site "Val d'Isere FRA"]
[Date "2004.08.22"]
[Round "7"]
[White "Martsynovskaya,M"]
[Black "Flear,C"]
[Result "1-0"]
[WhiteElo "2235"]
[BlackElo "2257"]

1.e4 c5 2.Nf3 Nc6 3.d4 cxd4 4.Nxd4 Qc7 5.c4 e6 6.Nc3 a6 7.Nxc6 bxc6 8.Be3 c5
9.Bd3 Rb8 10.Qd2 d6 11.O-O Nf6 12.h3 Be7 13.Rab1 Nd7 14.a3 Ne5 15.f4 Nc6
16.Na4 a5 17.Kh1 O-O 18.Nc3 Ba6 19.Qe2 Rfe8 20.Qh5 g6 21.Qg4 Bf8 22.h4 Rb3
23.h5 Qb7 24.hxg6 hxg6 25.e5 d5 26.Bxg6 Bg7 27.Bc2 Rxb2 28.Rf3 Rxb1+ 29.Bxb1 Ne7
30.Rg3 Ng6 31.cxd5 exd5 32.Bxg6 fxg6 33.Qxg6 Re7 34.Bxc5 Rf7 35.f5  1-0

[Event "Knjaz Milos Jezero Open"]
[Site "Belgrade SCG"]
[Date "2004.08.23"]
[Round "7"]
[White "Popovic,Al"]
[Black "Zivkovic,Veli"]
[Result "1-0"]
[WhiteElo "2045"]
[BlackElo "2096"]

1.e4 c5 2.Nf3 Nc6 3.d4 cxd4 4.Nxd4 Qc7 5.Nc3 e6 6.Be2 a6 7.O-O Nf6 8.Kh1 Bb4
9.Qd3 O-O 10.Bg5 Be7 11.f4 d6 12.Rad1 Bd7 13.Qg3 Kh8 14.Rd3 b5 15.Qh4 Ng8
16.Rh3 h6 17.Bxe7 Ncxe7 18.f5 exf5 19.exf5 Nf6 20.g4 Rae8 21.g5 Nfg8 22.Rg3 f6
23.gxh6 Nxh6 24.Bh5 Rc8 25.Ne6 Bxe6 26.fxe6 Qc4 27.Rf4 Qxe6 28.Re4 Qd7 29.Bg4 Nf5
30.Rh3 Nxh4 31.Bxd7 Rc7 32.Bxb5 axb5 33.Rhxh4 Kh7 34.Rb4 g5 35.Rhe4 Nf5 36.Rxb5 Kg6
37.a4 Rh8 38.Kg1 Rch7 39.Re2 Nd4 40.Rf2 g4 41.Nd5 Nf3+ 42.Rxf3 gxf3 43.Nf4+ Kf7
44.h3 Rh4 45.Rb4 Rg8+ 46.Kf2 Rg2+ 47.Kxf3 Rxc2 48.a5 Rc6 49.Rb7+ Ke8 50.Kg3 Rh6
51.b4 Ra6 52.Kg4 Kd8 53.Kf5 Kc8 54.Rf7 d5 55.Ne6 Rh5+ 56.Kg6 Rxe6 57.Kxh5 d4
58.Rg7 Re5+ 59.Kh4 d3 60.a6 Kb8 61.Rb7+ Kc8 62.Rb6 Kc7 63.a7 Re8 64.Rxf6  1-0

[Event "52nd ch-HUN w"]
[Site "Budapest HUN"]
[Date "2004.08.24"]
[Round "6"]
[White "Ignacz,M"]
[Black "Medvegy,N"]
[Result "0-1"]
[WhiteElo "2193"]
[BlackElo "2407"]

1.e4 c5 2.Nf3 Nc6 3.d4 cxd4 4.Nxd4 Qc7 5.Nb5 Qb8 6.c4 a6 7.N5c3 e6 8.g3 Nf6
9.Bg2 b5 10.cxb5 axb5 11.O-O b4 12.Ne2 Ba6 13.Re1 Bc5 14.Nf4 Ne5 15.Be3 Bxe3
16.Rxe3 Nfg4 17.Re1 Qb6 18.Qd2 h5 19.h3 Nc4 20.Qc2 Nge5 21.Nd2 h4 22.gxh4 Rxh4
23.Nxc4 Bxc4 24.Qd2 g5 25.Ne2 f6 26.Nc1 Rxh3 27.Qd1 Rh4 28.Qc2 Kf7 29.a4 Qd6
30.Qd1 Nf3+  0-1

[Event "IM"]
[Site "Kostrena CRO"]
[Date "2004.08.28"]
[Round "3"]
[White "Solic,K"]
[Black "Ramesa,M"]
[Result "1-0"]
[WhiteElo "2171"]
[BlackElo "2207"]

1.e4 c5 2.Nf3 Nc6 3.d4 cxd4 4.Nxd4 Qc7 5.Nc3 e6 6.Be3 a6 7.Bd3 Nf6 8.O-O Ne5
9.h3 Bc5 10.Kh1 d6 11.Qe2 O-O 12.f4 Ng6 13.f5 exf5 14.Nxf5 Bxf5 15.Rxf5 Bxe3
16.Qxe3 Rae8 17.Raf1 Re6 18.Qg5 b5 19.h4 b4 20.Nd5 Nxd5 21.exd5 Re5 22.h5 Ne7
23.Rxe5 dxe5 24.h6 Ng6 25.hxg7 Kxg7 26.Qf6+ Kg8 27.Bxg6 hxg6 28.d6 Qxc2 29.Qxe5 Qc4
30.Rf4 Qxa2 31.d7 Qb1+ 32.Kh2  1-0

[Event "4th Botvinnik Mem B"]
[Site "Satka RUS"]
[Date "2004.08.29"]
[Round "3"]
[White "Ilkin,A"]
[Black "Kremenietsky,AnM"]
[Result "1-0"]
[WhiteElo "2350"]
[BlackElo "2395"]

1.e4 c5 2.Nf3 Nc6 3.d4 cxd4 4.Nxd4 Qb6 5.Nb3 Nf6 6.Nc3 e6 7.Be3 Qc7 8.a3 a6
9.f4 d6 10.Bd3 Be7 11.Qf3 Rb8 12.O-O b5 13.Rae1 b4 14.Ne2 e5 15.f5 bxa3 16.bxa3 h6
17.h3 Bb7 18.Qg3 Kf8 19.Qf2 Nd8 20.Bb6 Qc8 21.Ng3 Nd7 22.Ba7 Ra8 23.Be3 Bh4
24.Qf3 Nf6 25.Bf2 d5 26.exd5 Bxd5 27.Ne4 Bxf2+ 28.Rxf2 Qc6 29.Qe3 Nb7 30.Nxf6 gxf6
31.c4 Bxc4 32.Rc1 Nd6 33.Rfc2 Rg8 34.Na5  1-0

[Event "WGM"]
[Site "Krk CRO"]
[Date "2004.08.30"]
[Round "5"]
[White "Repkova,E"]
[Black "Grabics,M"]
[Result "0-1"]
[WhiteElo "2411"]
[BlackElo "2305"]

1.e4 c5 2.Nf3 Nc6 3.d4 cxd4 4.Nxd4 Qb6 5.Nb5 a6 6.Be3 Qd8 7.N5c3 e6 8.f4 d6
9.Nd2 Nf6 10.Qf3 Be7 11.Bd3 b5 12.O-O Bb7 13.Rae1 Qc7 14.Qg3 h5 15.h3 h4
16.Qf2 Nb4 17.Nf3 d5 18.e5 Nh5 19.Nxh4 Ng3 20.Ng6 Nxf1 21.Bb6 Nxd3 22.cxd3 Qc6
23.Nxh8 d4 24.Bxd4 Bh4 25.Qxf1 Bxe1 26.Ne4 Bb4 27.Qf2 Qc1+ 28.Kh2 Bxe4 29.dxe4 Qd2
30.f5 Qxf2 31.Bxf2 exf5 32.exf5 Rc8  0-1

[Event "4th Botvinnik Mem B"]
[Site "Satka RUS"]
[Date "2004.08.30"]
[Round "5"]
[White "Liberzon,R"]
[Black "Kleiman,B"]
[Result "0-1"]
[WhiteElo "2233"]
[BlackElo "2316"]

1.e4 c5 2.Nf3 Nc6 3.d4 cxd4 4.Nxd4 Qc7 5.Nc3 e6 6.Be2 a6 7.a3 Nf6 8.Be3 Be7
9.O-O O-O 10.Kh1 Na5 11.Qd3 b5 12.b4 Nc6 13.f4 Bb7 14.e5 Ne8 15.Nb3 d6 16.exd6 Nxd6
17.Nc5 Rad8 18.N3e4 Nxb4 19.axb4 Nxe4 20.Nxb7 Rxd3 21.cxd3 Qxb7 22.Bf3 Bxb4
23.Bxe4 Qc8 24.f5 Bc3 25.Rac1 b4 26.Bd2 Qc5 27.fxe6 fxe6  0-1

[Event "VI Sants Open"]
[Site "Barcelona ESP"]
[Date "2004.08.31"]
[Round "5"]
[White "Fluvia Poyatos,J"]
[Black "Javakhishvili,L"]
[Result "1/2-1/2"]
[WhiteElo "2450"]
[BlackElo "2332"]

1.e4 c5 2.Nf3 Nc6 3.d4 cxd4 4.Nxd4 Qc7 5.Nc3 e6 6.Be3 a6 7.Qd2 Nf6 8.O-O-O Bb4
9.f3 Ne5 10.Nb3 b5 11.Qe1 Be7 12.f4 Nc4 13.e5 Ng4 14.Bd4 f5 15.h3 Nh6 16.Qf2 Bb7
17.Bxc4 bxc4 18.Bb6 Qc8 19.Na5 Bb4 20.Qd4 Bxc3 21.Qxc3 Bd5 22.Qb4 Rb8 23.c3 Nf7
24.Rhg1 Nd8 25.a4 Nc6 26.Nxc6 Qxc6 27.a5 h5 28.g4 fxg4 29.hxg4 h4 30.Rd2 h3
31.Rh2 Kf7 32.Rd1 Rb7 33.f5 Bg2 34.g5 g6 35.fxe6+ dxe6 36.Rd4 Rc8 37.Rh4 Kg7
38.Kb1 Qf3 39.Qd6 Rc6 40.Qd8 Qd3+ 41.Qxd3 cxd3 42.Rd4 Rf7 43.Rxd3 Be4 44.Rxh3 Rf5
45.Bd8 Kf7 46.Bf6 Rc5 47.Rh7+ Ke8 48.Rh8+ Kf7 49.Rh7+ Ke8 50.Rh8+  1/2-1/2

[Event "IM"]
[Site "Kostrena CRO"]
[Date "2004.09.01"]
[Round "7"]
[White "Solic,K"]
[Black "Varga,P"]
[Result "1-0"]
[WhiteElo "2171"]
[BlackElo "2428"]

1.e4 c5 2.Nf3 Nc6 3.d4 cxd4 4.Nxd4 Qc7 5.Nc3 e6 6.Ndb5 Qb8 7.Be3 a6 8.Bb6 axb5
9.Nxb5 Bb4+ 10.c3 Ba5 11.Nc7+ Qxc7 12.Bxc7 Bxc7 13.Qg4 Kf8 14.Bb5 Nf6 15.Qe2 h5
16.O-O d5 17.f3 dxe4 18.fxe4 Ne5 19.Qe3 b6 20.Qd4 Nfd7 21.a4 Ke7 22.b4 Nf6
23.Kh1 Rd8 24.Qe3 Neg4 25.Qg5 Bxh2 26.Be2 Rh8 27.Bxg4 Ba6 28.Bh3 Bxf1 29.Rxf1 Bc7
30.e5 Bxe5 31.Qxe5 Rxa4 32.Qc7+ Nd7 33.Rxf7+ Kxf7 34.Qxd7+ Kf6 35.Qxa4  1-0

[Event "IM"]
[Site "Kostrena CRO"]
[Date "2004.09.01"]
[Round "7"]
[White "Bratovic,B"]
[Black "Ramesa,M"]
[Result "1/2-1/2"]
[WhiteElo "2332"]
[BlackElo "2207"]

1.e4 c5 2.Nf3 Nc6 3.d4 cxd4 4.Nxd4 Qc7 5.Nc3 e6 6.Be2 a6 7.O-O Nf6 8.Kh1 Be7
9.f4 d6 10.Be3 O-O 11.a4 Re8 12.Bf3 Bd7 13.Nb3 b6 14.g4 Bc8 15.g5 Nd7 16.Bg2 Bb7
17.Qh5 Nb4 18.Rf2 g6 19.Qh3 Bf8 20.Raf1 Re7 21.Bd4 Qc4 22.Nd1 Qc7 23.Ne3 b5
24.axb5 axb5 25.Ng4 Nc6 26.Bf6 h5 27.Nh6+ Bxh6 28.Bxe7 Bg7 29.Bf6 Bxf6 30.gxf6 Nxf6
31.f5 Ng4 32.fxg6 Nxf2+ 33.Rxf2 fxg6 34.Qxe6+ Kg7 35.Qf6+ Kh6 36.Qf4+ Kg7
37.Nc5 Qe7 38.Nxb7 Qxb7 39.Qxd6 Qb6 40.Qf6+ Kh6 41.Qf4+ Kg7 42.Qf7+ Kh6 43.Rf6 Ne5
44.Rxb6 Nxf7 45.h3 Ra1+ 46.Kh2 Rc1 47.c3 Rc2 48.Rxb5 h4 49.Rd5 Ng5 50.Kg1 Rxb2
51.e5 Rb1+ 52.Kf2 Rb2+ 53.Kf1 Rc2 54.Rd3 Ne6 55.Rf3 Rc1+ 56.Kf2 Rc2+ 57.Kg1 Kg5
58.Bf1 Rc1 59.Kf2 Rc2+ 60.Ke1 Rb2 61.Bc4 Nf4 62.e6 Rb7 63.Kf2 Rc7 64.Bb3 Rb7
65.Ba2 Ra7 66.Ke3 Ng2+ 67.Kd4 Rxa2 68.e7 Rd2+ 69.Kc5 Re2 70.Rf2 Rxe7 71.Rxg2+ Kf5
72.Rf2+ Kg5 73.Rf3 Re1 74.c4 Rg1 75.Kd4 Rd1+ 76.Ke4 Rc1 77.Kd4 Rd1+ 78.Rd3 Rxd3+
79.Kxd3 Kf4 80.Kd4 g5 81.Kd3 g4 82.Ke2 g3 83.Kf1 Ke4 84.Kg2 Kd4 85.Kg1 Kxc4
86.Kg2 Kd3 87.Kg1  1/2-1/2

[Event "4th Botvinnik Mem B"]
[Site "Satka RUS"]
[Date "2004.09.04"]
[Round "11"]
[White "Ilkin,A"]
[Black "Ivanets,V RUS"]
[Result "1-0"]
[WhiteElo "2350"]
[BlackElo "2272"]

1.e4 c5 2.Nf3 Nc6 3.d4 cxd4 4.Nxd4 Qc7 5.Nc3 e6 6.Be2 a6 7.O-O Nf6 8.Kh1 Be7
9.f4 d6 10.Be3 Bd7 11.Qe1 b5 12.a3 Nxd4 13.Bxd4 e5 14.Be3 Bc6 15.Bf3 Nd7
16.f5 Rc8 17.Qf2 O-O 18.Rad1 a5 19.b4 a4 20.Rd2 Rb8 21.Rc1 Rfc8 22.Ne2 h6
23.c4 Qb7 24.Nc3 Nf6 25.Re2 bxc4 26.b5 Bxe4 27.Nxe4 Nxe4 28.Bxe4 Qxe4 29.Bxh6 Qg4
30.Rc3 Rxb5 31.Rg3 Qxg3 32.Qxg3 Rb1+ 33.Re1 Rxe1+ 34.Qxe1 gxh6 35.Qg3+ Bg5
36.h4 c3 37.hxg5 c2 38.gxh6+ Kf8 39.Qg7+ Ke8 40.Qg8+ Ke7 41.Qg5+ Kf8 42.Qc1 Kg8
43.Kh2 Kh7 44.Kg3 Rg8+ 45.Kf3 Rc8 46.Ke4 Rc4+ 47.Kd5 Rc5+ 48.Kxd6 e4 49.Qg5  1-0

[Event "8th WUCC"]
[Site "Instanbul TUR"]
[Date "2004.09.06"]
[Round "3"]
[White "Smirnov,P"]
[Black "Kurnosov,I"]
[Result "1-0"]
[WhiteElo "2620"]
[BlackElo "2535"]

1.e4 c5 2.Nf3 Nc6 3.d4 cxd4 4.Nxd4 Qb6 5.Nb3 Nf6 6.Nc3 e6 7.Bd3 Be7 8.Be3 Qc7
9.f4 O-O 10.O-O d6 11.g4 Nd7 12.g5 Re8 13.Qh5 g6 14.Qh4 Nb4 15.Rf3 h5 16.Rh3 Bf8
17.Rc1 Bg7 18.Nb5 Qb8 19.a3 Nc6 20.Be2 a6 21.Nc3 b5 22.Rf1 Nf8 23.Bxh5 gxh5
24.Qxh5 Ne7 25.f5 exf5 26.Bd4 Neg6 27.Bxg7 Rxe4 28.Nd5 Rg4+ 29.Kf2 Rg2+ 30.Kxg2 Bb7
31.Bf6 Bxd5+ 32.Kg1  1-0

[Event "Open"]
[Site "Pune IND"]
[Date "2004.09.07"]
[Round "5"]
[White "Rathnakaran,K"]
[Black "Ramesh,R"]
[Result "1-0"]
[WhiteElo "2375"]
[BlackElo "2484"]

1.e4 c5 2.Nf3 Nc6 3.d4 cxd4 4.Nxd4 Qb6 5.Nb3 Nf6 6.Nc3 e6 7.g3 Be7 8.Bg2 O-O
9.O-O a6 10.Be3 Qc7 11.f4 b6 12.g4 d5 13.g5 Nxe4 14.Nxe4 dxe4 15.Bxe4 Bb7
16.Bxh7+ Kxh7 17.Qh5+ Kg8 18.Rf3 Ne5 19.Rh3 f6 20.g6 Nxg6 21.Qxg6 Qc6 22.Nd4 Qe4
23.f5 Bc5 24.Qh7+ Kf7 25.fxe6+ Ke8 26.Qxe4 Bxe4 27.Nb3 Bxe3+ 28.Rxe3 f5 29.Nd4 Rf6
30.a4 Rd8 31.c3 Rd5 32.Ra3 Rd6 33.Ra1 Ke7 34.Rae1 Rd5 35.Rg3 g6 36.Kf2 Rxd4
37.cxd4 Kxe6 38.Reg1 Kf7 39.Rc3 Rd6 40.Ke3 Kf6 41.h4 Re6 42.Kf4 Bc6 43.Re3 Rd6
44.Rd1 Bxa4 45.Rd2 Bc6 46.d5 Bd7 47.Rg3 Be8 48.Rg5 Rd7 49.d6 Rh7 50.h5 gxh5
51.Rxf5+ Ke6 52.d7 Bxd7 53.Re5+ Kf6 54.Rd6+  1-0

[Event "TCh-SCG Men"]
[Site "Budva SCG"]
[Date "2004.09.09"]
[Round "2"]
[White "Pikula,D"]
[Black "Ivanisevic,I"]
[Result "0-1"]
[WhiteElo "2508"]
[BlackElo "2544"]

1.e4 c5 2.Nf3 Nc6 3.d4 cxd4 4.Nxd4 Qc7 5.Nc3 e6 6.Be3 a6 7.Qd2 Nf6 8.O-O-O Bb4
9.f3 Ne5 10.Nb3 b5 11.Bd4 Bb7 12.Kb1 Be7 13.Qf2 Rc8 14.Bb6 Qb8 15.Ba7 Qc7
16.Bb6 Qb8 17.Ba7 Qa8 18.Bd4 d6 19.Rg1 O-O 20.a3 Nc6 21.Be3 b4 22.Na4 Nd7
23.f4 bxa3 24.bxa3 Ncb8 25.e5 dxe5 26.fxe5 Be4 27.Bd3 Bxd3 28.Rxd3 Nxe5 29.Rd4 Qb7
30.Bc1 Nc4 31.Rg4 f5 32.Rg3 Bxa3 33.Qe2 e5 34.Nb2 Bxb2 35.Bxb2 a5 36.Rc3 Qb5
37.Rxc4 Rxc4 38.Nxa5 Rb4 39.Qxb5 Rxb5 40.Nc4 Nd7 41.Rd1 Nb6  0-1

[Event "TCh-SCG Men"]
[Site "Budva SCG"]
[Date "2004.09.09"]
[Round "2"]
[White "Vuckovic,Bo"]
[Black "Pavlovic,G1"]
[Result "1/2-1/2"]
[WhiteElo "2529"]
[BlackElo "2354"]

1.e4 c5 2.Nf3 Nc6 3.d4 cxd4 4.Nxd4 Qc7 5.Nc3 e6 6.Be3 a6 7.Qd2 Nf6 8.O-O-O Bb4
9.f3 d5 10.a3 Bxc3 11.Qxc3 dxe4 12.fxe4 O-O 13.Nxc6 Nxe4 14.Qd4 Qxc6 15.Be2 b5
16.Rhe1 Bb7 17.Bf3 Rac8 18.Re2  1/2-1/2

[Event "TCh-SCG Men"]
[Site "Budva SCG"]
[Date "2004.09.10"]
[Round "3"]
[White "Draganic,V"]
[Black "Djukic,Ni"]
[Result "0-1"]
[WhiteElo "2279"]
[BlackElo "2450"]

1.e4 c5 2.Nf3 Nc6 3.d4 cxd4 4.Nxd4 Qc7 5.Nc3 e6 6.Ndb5 Qb8 7.Be3 a6 8.Bb6 axb5
9.Nxb5 Bb4+ 10.c3 Ba5 11.Nc7+ Qxc7 12.Bxc7 Bxc7 13.Qg4 Kf8 14.Bc4 d5 15.Bd3 Nf6
16.Qe2 dxe4 17.Bxe4 Nxe4 18.Qxe4 e5 19.O-O g6 20.b4 Bf5 21.Qe3 Kg7 22.a4 Rhd8
23.a5 Bd3 24.Rfd1 e4 25.Kh1 Ne5 26.h3 Rd5 27.Qf4 Rc8 28.Rac1 Nc4 29.Qg4 f5
30.Qh4 Bd8 31.Qg3 Bf6 32.h4 h6 33.h5 g5 34.f3 e3 35.Qh3 e2 36.Rxd3 Rxd3 37.Qxf5 Rd1+
38.Kh2 Be5+ 39.f4 e1=Q 40.Rxd1 Bxf4+ 41.Qxf4 Qxd1 42.Qe4 Qxh5+ 43.Kg1 Qd1+
44.Kh2 Qd6+ 45.Kh3 Ne5  0-1

[Event "8th WUCC"]
[Site "Instanbul TUR"]
[Date "2004.09.10"]
[Round "7"]
[White "Battulga,N"]
[Black "Roos,M GER"]
[Result "1/2-1/2"]
[WhiteElo "2180"]
[BlackElo "2384"]

1.e4 c5 2.Nf3 Nc6 3.d4 cxd4 4.Nxd4 Qb6 5.Nb3 Nf6 6.Nc3 e6 7.Be3 Qc7 8.Bd3 d6
9.f4 a6 10.a4 b6 11.O-O Bb7 12.Qe2 Be7 13.Rac1 O-O 14.g4 Nd7 15.g5 Nb4 16.Nd4 Rfe8
17.Rf3 g6 18.Rh3 Bf8 19.Qf2 Bg7 20.Rf1 Nf8 21.Rc1 Rab8 22.Be2 e5 23.fxe5 Bxe5
24.Rf3 d5 25.Rf1 Re7 26.Bd3 dxe4 27.Bxe4 Bxe4 28.Nxe4 Bxd4 29.Nf6+ Bxf6 30.gxf6 Re4
31.Bf4 Rxf4 32.Rxf4 Qc5 33.b3 Ne6 34.Rc4 Qg5+ 35.Qg3 Nd5 36.Re4 Qxg3+ 37.hxg3 h5
38.Ra1 Nxf6 39.Rc4 Nd5 40.a5 b5 41.Rc6 Nb4 42.Rb6 Rc8 43.c4 Nc2 44.Ra2 Ncd4
45.Ra1 Nc2 46.Ra2 Ncd4 47.Ra1 Nc2  1/2-1/2

[Event "TCh-SCG 2nd Liga"]
[Site "Sutomore SCG"]
[Date "2004.09.11"]
[Round "2"]
[White "Podlesnik,B"]
[Black "Brajovic,R"]
[Result "1-0"]
[WhiteElo "2363"]
[BlackElo "2303"]

1.e4 c5 2.Nf3 Nc6 3.d4 cxd4 4.Nxd4 Qc7 5.Nc3 e6 6.f4 a6 7.Be2 b5 8.Nxc6 Qxc6
9.Bf3 Bb7 10.Be3 Rc8 11.a3 Qc4 12.Qd4 Qxd4 13.Bxd4 Ne7 14.O-O-O Nc6 15.Bb6 d6
16.Kb1 Be7 17.Rhe1 O-O 18.Rd2 h6 19.g3 g5 20.a4 b4 21.Nd5 exd5 22.exd5 Bf6
23.dxc6 Bxc6 24.Bxc6 Rxc6 25.Bd4 Bxd4 26.Rxd4 Rfc8 27.Re2 gxf4 28.Rxf4 a5
29.Rf5 Rc5 30.Rf6 Rd5 31.Rxh6 b3 32.cxb3 Rd1+ 33.Ka2 Rcc1 34.b4  1-0

[Event "TCh-SCG Men"]
[Site "Budva SCG"]
[Date "2004.09.15"]
[Round "7"]
[White "Panic,Ne"]
[Black "Miljkovic,Mih"]
[Result "1/2-1/2"]
[WhiteElo "2367"]
[BlackElo "2266"]

1.e4 c5 2.Nf3 Nc6 3.d4 cxd4 4.Nxd4 Qc7 5.Nc3 e6 6.Be3 Nf6 7.Bd3 a6 8.O-O Ne5
9.h3 b5 10.f4 Nc4 11.Bxc4 Qxc4 12.e5 Nd5  1/2-1/2

[Event "Georgiev-Kesarovski Mem"]
[Site "Sunny Beach BUL"]
[Date "2004.09.19"]
[Round "3"]
[White "Peev,P"]
[Black "Nikolov,M"]
[Result "0-1"]
[WhiteElo "2284"]
[BlackElo "2390"]

1.e4 c5 2.Nf3 Nc6 3.d4 cxd4 4.Nxd4 Qb6 5.Nb3 Nf6 6.Nc3 e6 7.Be3 Qc7 8.f4 d6
9.Be2 Be7 10.Bf3 O-O 11.Qe2 a6 12.O-O Rb8 13.g4 Nd7 14.Qg2 b5 15.g5 Re8 16.Rad1 Bb7
17.h4 b4 18.Ne2 a5 19.h5 Bf8 20.g6 Nf6 21.gxf7+ Kxf7 22.Ng3 Kg8 23.Rfe1 Kh8
24.Nd4 Nxd4 25.Bxd4 e5 26.Be3 d5 27.f5 Bc5 28.Bxc5 Qxc5+ 29.Kh2 dxe4 30.Nxe4 Bxe4
31.Bxe4 Nxh5 32.Rd5 Qc7 33.Rd2 Rbd8 34.Rde2 Nf4 35.Qf3 Nxe2 36.Rxe2 Rd6 37.Kg2 Qe7
38.Qg3 Qf6 39.Bd3 Rd4 40.c3 bxc3 41.bxc3 Qc6+  0-1

[Event "1st Central League"]
[Site "Vrnjacka Banja SCG"]
[Date "2004.09.25"]
[Round "1"]
[White "Markovic,Zo"]
[Black "Milosavljevic,Z"]
[Result "1-0"]
[WhiteElo "2186"]
[BlackElo "2186"]

1.e4 c5 2.Nf3 Nc6 3.d4 cxd4 4.Nxd4 Qc7 5.Nc3 e6 6.Be2 a6 7.O-O Be7 8.Be3 Nf6
9.f4 d6 10.Qe1 Nxd4 11.Bxd4 e5 12.fxe5 dxe5 13.Qg3 Bc5 14.Bxc5 Qxc5+ 15.Kh1 Kf8
16.Nd5 Nxe4 17.Qxe5 Nf6 18.Rxf6 gxf6 19.Qxf6 Rg8 20.Nb6 Rb8 21.Bc4 Rg7 22.Rd1 Ke8
23.Rd8+  1-0

[Event "TCh-BEL 2004-5"]
[Site "Belgium BEL"]
[Date "2004.09.26"]
[Round "2"]
[White "Popovic,Pe"]
[Black "Jaracz,P"]
[Result "1/2-1/2"]
[WhiteElo "2508"]
[BlackElo "2532"]

1.e4 c5 2.Nf3 Nc6 3.d4 cxd4 4.Nxd4 Qc7 5.Nc3 e6 6.g3 a6 7.Bg2 d6 8.O-O Be7
9.Nxc6 bxc6 10.Na4 Bb7 11.c4 c5 12.f4 Nf6 13.Nc3 O-O 14.g4 Nd7 15.g5 Rfe8
16.b3 Bf8 17.Bd2 g6 18.Qg4 Bg7 19.Rae1 Bc6 20.f5 Bd4+ 21.Kh1 Ne5 22.Qh3 Qb7
23.f6 h5 24.Rf4 Kh7 25.Ne2 Rh8 26.Nxd4  1/2-1/2

[Event "1st Central League"]
[Site "Vrnjacka Banja SCG"]
[Date "2004.09.26"]
[Round "3"]
[White "Markovic,Zo"]
[Black "Zafirovski,M"]
[Result "1/2-1/2"]
[WhiteElo "2186"]
[BlackElo "2307"]

1.e4 c5 2.Nf3 Nc6 3.d4 cxd4 4.Nxd4 Qc7 5.Nc3 e6 6.Be2 a6 7.O-O Nf6 8.Kh1 h5
9.f4 Nxd4 10.Qxd4 Bc5 11.Qd3 Ng4 12.e5 d5 13.exd6 Qxd6 14.Qxd6 Bxd6 15.Ne4 Be7
16.h3 Nf6 17.Bf3 Rb8 18.Be3 Nd5 19.Ba7 Ra8 20.Bd4 f6 21.f5 Nb4 22.Bc5 Bxc5
23.Nxc5 Nxc2 24.Rac1 Nd4 25.Nxe6 Bxe6 26.fxe6 Nxf3 27.Rxf3 Ke7 28.Rc7+ Kxe6  1/2-1/2